Bon Jovi albums - sudden death - Statistics

General Stats
  • This quiz has been taken 96 times
  • The average score is 5 of 16
Answers on the Grid
Answers color-coded by a green-red scale on the quiz's grid according to % correct below.
Bon Jovi
7800 Fahrenheit
Slippery When Wet
New Jersey
Keep the Faith
Crush
Bounce
These Days
Have a Nice Day
Lost Highway
The Circle
What About Now
Burning Bridges
This House Is Not For Sale
2020
Forever
Slippery Where Wet
8700 Fahrenheit
Bounty
Prayer
Let's Talk About Love
The Visitors
Alladin Sane
A Kind of Magic
My Life
Blaze of Glory
Natural Force
In the Garden of Venus
This House Is For Sale
Cross Road
Super Trouper
Made in Heaven
 
Answer Stats
Answer % Correct
7800 Fahrenheit
48%
Keep the Faith
48%
Slippery When Wet
48%
Bon Jovi
38%
Have a Nice Day
34%
Bounce
31%
These Days
31%
Lost Highway
28%
New Jersey
28%
The Circle
28%
This House Is Not For Sale
28%
Crush
24%
2020
21%
Forever
17%
What About Now
14%
Burning Bridges
7%
No matching quizzes found
Score Distribution
Percent of People with Each Score
Percentile by Number Answered
Your Score History
You have not taken this quiz